[Event "Villa Tehuelches 50 aniversity 2nd"]
[Site "Villa Tehuelches"]
[Date "2016.07.14"]
[Round "5.10"]
[White "Torres Haro, Manuel"]
[Black "Alarcon Torres, Marcelo"]
[Result "0-1"]
[WhiteElo "1818"]
[BlackElo "1806"]
[PlyCount "62"]
[EventDate "2016.07.12"]
[EventType "swiss"]
[EventRounds "7"]
[EventCountry "CHI"]
[SourceTitle "EXT 2024"]
[Source "ChessBase"]
[SourceDate "2023.10.10"]
[SourceVersion "1"]
[SourceVersionDate "2023.10.10"]
[SourceQuality "1"]

1. e4 c5 2. Nf3 d6 3. d4 cxd4 4. Nxd4 Nf6 5. Nc3 a6 6. Be3 e6 7. Be2 Be7 8. f3 Qc7 9. 0-0 Nbd7 10. g4 Nc5 11. Nb3 Nxb3 12. cxb3 b5 13. Rc1 Qd8 14. Qe1 Bb7 15. Qg3 e5 16. g5 Nh5 17. Qg2 Nf4 18. Bxf4 exf4 19. Nd5 Bxd5 20. exd5 Bxg5 21. Bd3 0-0 22. Bf5 Qf6 23. Bh3 Qd4+ 24. Kh1 Bf6 25. Rfd1 Qxb2 26. Rc2 Qe5 27. Qf2 Rfe8 28. Rc7 Qe3 29. Qc2 Qxf3+ 30. Bg2 Qg4 31. Qd3 Re3 0-1